| 000 | 00000nam##2200000za#4500 |
| 001 | 9.608256 |
| 003 | CaOODSP |
| 005 | 20250403105224 |
| 007 | cr ||||||||||| |
| 008 | 150406|2015||||xxc|||||o f|0| 0 fre|d |
| 020 | |a978-0-660-23167-9 |
| 022 | |a1707-1844 |
| 040 | |aCaOODSP|bfre |
| 043 | |an-cn--- |
| 086 | 1 |aCS13-604/77F-PDF |
| 245 | 00|aProduction de séries chronologiques provinciales : |h[ressource électronique]|bexamen des sources de données et des méthodes / |cpar Ryan Macdonald. |
| 260 | |aOttawa - Ontario : |bStatistique Canada |cDate de diffusion : le 12 février 2015. |
| 300 | |a9p.|bréférences, tableau |
| 490 | 1 |aComptes des revenus et dépenses - série technique|x1707-1844|vN° 77 |
| 590 | |a15-07|b2015-02-13 |
| 710 | 2 |aStatistique Canada. |
| 775 | 08|tConstructing provincial time series : |w(CaOODSP)9.581426 |
| 830 | #0|aComptes des revenus et dépenses, série technique (Statistique Canada)|x1707-1844|vN° 77|w(CaOODSP)9.501122 |
| 856 | 40|ahttp://publications.gc.ca|qPDF|s233 Ko|uhttps://publications.gc.ca/collections/collection_2015/statcan/13-604-m/13-604-m2015077-fra.pdf|yN° 77 |